[Event "12th Arad Open 2019"]
[Site "Arad"]
[Date "2019.07.29"]
[Round "7.5"]
[White "David, Alexandru-Vasile"]
[Black "Nester, Ihor"]
[Result "1-0"]
[WhiteElo "2428"]
[BlackElo "2361"]
[Annotator "NA"]
[PlyCount "43"]
[EventDate "2019.07.24"]
[EventType "swiss"]
[EventCountry "ROU"]
[SourceTitle "playchess.com"]
[Source "ChessBase"]
[SourceQuality "1"]
[TimeControl "40/5400+30:900+30"]

1. d4 {[%emt 0:00:00]} f5 {[%emt 0:02:03]} 2. Bg5 {[%emt 0:00:00]} g6 {[%emt 0:00:09]} 3. Nc3 {[%emt 0:00:06]} Bg7 {[%emt 0:00:22]} 4. h4 {[%emt 0:00:08]} c6 {[%emt 0:04:27]} 5. e4 {[%emt 0:03:22]} fxe4 {[%emt 0:02:23]} 6. Nxe4 {[%emt 0:00:29]} d5 {[%emt 0:00:09]} 7. Ng3 {[%emt 0:08:24]} Qb6 {[%emt 0:00:48]} 8. c3 {[%emt 0:03:53]} Be6 {[%emt 0:17:15]} 9. Qc2 {[%emt 0:01:18]} Nd7 {[%emt 0:00:47]} 10. Bd3 {[%emt 0:04:37]} Bf7 {[%emt 0:03:06]} 11. Nf3 {[%emt 0:03:44]} Ngf6 {[%emt 0:01:47]} 12. O-O {[%emt 0:03:13]} O-O-O {[%emt 0:04:20]} 13. Bf4 {[%emt 0:02:05]} Ng4 {[%emt 0:02:24]} 14. Rae1 {[%emt 0:00:14]} Bf6 {[%emt 0:20:47]} 15. Ng5 {[%emt 0:01:28]} Bg8 {[%emt 0:04:14]} 16. Ne6 {[%emt 0:05:48]} Bxe6 {[%emt 0:00:20]} 17. Rxe6 {[%emt 0:00:04]} Bxh4 {[%emt 0:01:21]} 18. Qe2 {[%emt 0:02:23]} Ngf6 {[%emt 0:02:55]} 19. a4 {[%emt 0:00:37]} Rdf8 {[%emt 0:03:13]} 20. b4 {[%emt 0:02:42]} Bxg3 {[%emt 0:03:51]} 21. a5 {[%emt 0:02:18]} Qd8 {[%emt 0:00:02]} 22. Rxc6+ {[%emt 0:00:05]} 1-0

[Event "12th Arad Open 2019"]
[Site "Arad"]
[Date "2019.07.29"]
[Round "7.6"]
[White "Schitco, Ivan"]
[Black "Stoleriu, George"]
[Result "1-0"]
[WhiteElo "2462"]
[BlackElo "2360"]
[Annotator "RC"]
[PlyCount "81"]
[EventDate "2019.07.24"]
[EventType "swiss"]
[EventCountry "ROU"]
[SourceTitle "playchess.com"]
[Source "ChessBase"]
[SourceQuality "1"]
[TimeControl "40/5400+30:900+30"]

1. d4 {[%emt 0:00:00]} e6 {[%emt 0:00:00]} 2. c4 {[%emt 0:00:00]} Nf6 {[%emt 0:00:00]} 3. g3 {[%emt 0:00:05]} Bb4+ {[%emt 0:00:11]} 4. Bd2 {[%emt 0:00:14]} Qe7 {[%emt 0:00:14]} 5. Bg2 {[%emt 0:00:29]} O-O {[%emt 0:10:53]} 6. e3 {[%emt 0:01:32]} d5 {[%emt 0:04:04]} 7. a3 {[%emt 0:02:21]} Bxd2+ {[%emt 0:00:22]} 8. Nxd2 {[%emt 0:00:05]} dxc4 {[%emt 0:02:38]} 9. Nxc4 {[%emt 0:01:33]} c5 {[%emt 0:11:06]} 10. Ne2 {[%emt 0:08:44]} Rd8 {[%emt 0:11:30]} 11. O-O {[%emt 0:08:55]} cxd4 {[%emt 0:03:51]} 12. exd4 {[%emt 0:00:44]} Nd5 {[%emt 0:03:21]} 13. Rc1 {[%emt 0:18:34]} Nc6 {[%emt 0:08:14]} 14. Qb3 {[%emt 0:04:22]} Qf6 {[%emt 0:07:13]} 15. Rfd1 {[%emt 0:03:59]} Nce7 {[%emt 0:02:00]} 16. Nc3 {[%emt 0:06:36]} b6 {[%emt 0:11:02]} 17. Ne4 {[%emt 0:16:38]} Qh6 {[%emt 0:02:03]} 18. h4 {[%emt 0:05:21]} Ba6 {[%emt 0:06:38]} 19. Ne5 {[%emt 0:04:50]} Be2 {[%emt 0:09:09]} 20. Re1 {[%emt 0:01:37]} Bh5 {[%emt 0:02:00]} 21. Ng5 {[%emt 0:08:12]} Qf6 {[%emt 0:02:17]} 22. Be4 {[%emt 0:01:11]} Nf5 {[%emt 0:00:10]} 23. g4 {[%emt 0:03:36]} Nxh4 {[%emt 0:01:09]} 24. Nxh7 {[%emt 0:00:19]} Qf4 {[%emt 0:00:15]} 25. gxh5 {[%emt 0:00:24]} f5 {[%emt 0:00:02]} 26. Bxd5 {[%emt 0:00:33]} Rxd5 {[%emt 0:00:19]} 27. Qg3 {[%emt 0:00:53]} Qxg3+ {[%emt 0:00:34]} 28. fxg3 {[%emt 0:00:01]} Rxe5 {[%emt 0:00:06]} 29. Ng5 {[%emt 0:00:07]} Rd5 {[%emt 0:00:43]} 30. gxh4 {[%emt 0:00:32]} Rxd4 {[%emt 0:00:04]} 31. Nf3 {[%emt 0:01:41]} Rf4 {[%emt 0:01:08]} 32. Kg2 {[%emt 0:00:20]} Re8 {[%emt 0:01:00]} 33. Rc6 {[%emt 0:00:55]} Rg4+ {[%emt 0:00:33]} 34. Kf2 {[%emt 0:00:09]} e5 {[%emt 0:00:02]} 35. Rxe5 {[%emt 0:00:21]} Rxe5 {[%emt 0:00:05]} 36. Nxe5 {[%emt 0:00:04]} Rxh4 {[%emt 0:00:07]} 37. Rc8+ {[%emt 0:00:10]} Kh7 {[%emt 0:00:10]} 38. Rh8+ {[%emt 0:00:18]} Kxh8 {[%emt 0:00:04]} 39. Ng6+ {[%emt 0:00:02]} Kh7 {[%emt 0:00:04]} 40. Nxh4 {[%emt 0:00:00]} Kh6 {[%emt 0:00:00]} 41. Nxf5+ {[%emt 0:00:12]} 1-0

[Event "12th Arad Open 2019"]
[Site "Arad"]
[Date "2019.07.29"]
[Round "7.7"]
[White "Svetushkin, Dmitry"]
[Black "Ardeleanu, Alin"]
[Result "1/2-1/2"]
[WhiteElo "2528"]
[BlackElo "2323"]
[Annotator "ChessBase"]
[PlyCount "157"]
[EventDate "2019.07.24"]
[EventType "swiss"]
[EventCountry "ROU"]
[SourceTitle "playchess.com"]
[Source "ChessBase"]
[SourceQuality "1"]
[TimeControl "40/5400+30:900+30"]

1. e4 {[%emt 0:00:00]} g6 {[%emt 0:00:05]} 2. d4 {[%emt 0:00:00]} c6 {[%emt 0:01:19]} 3. Nf3 {[%emt 0:00:13]} d5 {[%emt 0:01:01]} 4. e5 {[%emt 0:00:18]} Bg7 {[%emt 0:00:37]} 5. Bd3 {[%emt 0:11:48]} Bg4 {[%emt 0:09:22]} 6. Nbd2 {[%emt 0:04:02]} e6 {[%emt 0:13:23]} 7. h3 {[%emt 0:02:00]} Bxf3 {[%emt 0:00:06]} 8. Nxf3 {[%emt 0:00:05]} Nd7 {[%emt 0:01:34]} 9. Qe2 {[%emt 0:03:09]} Ne7 {[%emt 0:02:25]} 10. h4 {[%emt 0:00:22]} c5 {[%emt 0:01:42]} 11. c3 {[%emt 0:00:08]} Nc6 {[%emt 0:02:36]} 12. h5 {[%emt 0:00:48]} Qb6 {[%emt 0:00:28]} 13. Be3 {[%emt 0:00:33]} cxd4 {[%emt 0:04:54]} 14. Nxd4 {[%emt 0:05:22]} Ncxe5 {[%emt 0:13:04]} 15. Bb5 {[%emt 0:01:58]} Qd6 {[%emt 0:07:29]} 16. O-O-O {[%emt 0:07:09]} a6 {[%emt 0:02:07]} 17. f4 {[%emt 0:08:34]} axb5 {[%emt 0:29:00]} 18. Nxb5 {[%emt 0:00:34]} Qc6 {[%emt 0:00:08]} 19. fxe5 {[%emt 0:01:02]} Bxe5 {[%emt 0:02:19]} 20. Bd4 {[%emt 0:00:30]} Bxd4 {[%emt 0:01:09]} 21. Nxd4 {[%emt 0:09:52]} Qa6 {[%emt 0:00:53]} 22. Qe3 {[%emt 0:01:00]} O-O-O {[%emt 0:01:14]} 23. Kb1 {[%emt 0:00:40]} Qb6 {[%emt 0:02:35]} 24. Qf3 {[%emt 0:02:50]} Ne5 {[%emt 0:00:18]} 25. Qf6 {[%emt 0:00:39]} Nc4 {[%emt 0:00:07]} 26. Nb3 {[%emt 0:02:29]} e5 {[%emt 0:00:10]} 27. Qf3 {[%emt 0:07:02]} e4 {[%emt 0:00:01]} 28. Qe2 {[%emt 0:01:06]} Rhe8 {[%emt 0:01:03]} 29. Rd4 {[%emt 0:00:35]} Rd7 {[%emt 0:00:40]} 30. g4 {[%emt 0:01:23]} f5 {[%emt 0:00:06]} 31. hxg6 {[%emt 0:02:14]} hxg6 {[%emt 0:00:06]} 32. gxf5 {[%emt 0:03:39]} gxf5 {[%emt 0:00:01]} 33. Qf2 {[%emt 0:00:17]} Qg6 {[%emt 0:02:38]} 34. Rg1 {[%emt 0:01:39]} Qh7 {[%emt 0:00:01]} 35. Qe2 {[%emt 0:02:11]} f4 {[%emt 0:00:22]} 36. Rxd5 {[%emt 0:00:29]} e3+ {[%emt 0:01:34]} 37. Kc1 {[%emt 0:02:13]} Rxd5 {[%emt 0:00:13]} 38. Qxc4+ {[%emt 0:00:09]} Kb8 {[%emt 0:00:11]} 39. Qxd5 {[%emt 0:00:07]} e2 {[%emt 0:00:08]} 40. Qd6+ {[%emt 0:00:00]} Ka8 {[%emt 0:00:00]} 41. Re1 {[%emt 0:13:39]} Qh4 {[%emt 0:03:35]} 42. Kd2 {[%emt 0:04:38]} Rd8 {[%emt 0:01:54]} 43. Qxd8+ {[%emt 0:00:10]} Qxd8+ {[%emt 0:00:01]} 44. Kxe2 {[%emt 0:00:06]} Qd5 {[%emt 0:05:57]} 45. Kf2 {[%emt 0:06:08]} Qd3 {[%emt 0:00:30]} 46. Re2 {[%emt 0:04:31]} Qg3+ {[%emt 0:00:19]} 47. Kf1 {[%emt 0:00:03]} Qh3+ {[%emt 0:03:15]} 48. Ke1 {[%emt 0:00:04]} Qh1+ {[%emt 0:00:27]} 49. Kd2 {[%emt 0:00:05]} Qb1 {[%emt 0:00:13]} 50. Nd4 {[%emt 0:00:43]} Qxb2+ {[%emt 0:00:27]} 51. Kd3 {[%emt 0:00:03]} Qb1+ {[%emt 0:00:19]} 52. Kc4 {[%emt 0:00:15]} Qg6 {[%emt 0:00:48]} 53. a4 {[%emt 0:01:09]} Ka7 {[%emt 0:01:35]} 54. Re5 {[%emt 0:01:37]} Kb8 {[%emt 0:01:01]} 55. Rf5 {[%emt 0:00:14]} Qd6 {[%emt 0:00:36]} 56. a5 {[%emt 0:00:33]} Kc8 {[%emt 0:00:46]} 57. Kd3 {[%emt 0:00:19]} Kd7 {[%emt 0:00:42]} 58. Ke4 {[%emt 0:00:19]} Qa3 {[%emt 0:00:26]} 59. Kd3 {[%emt 0:02:28]} Ke7 {[%emt 0:00:33]} 60. Rb5 {[%emt 0:01:36]} Kf6 {[%emt 0:00:19]} 61. Rb6+ {[%emt 0:00:04]} Kg5 {[%emt 0:00:12]} 62. Rxb7 {[%emt 0:00:04]} Kf6 {[%emt 0:00:56]} 63. Rb5 {[%emt 0:00:09]} Qc1 {[%emt 0:00:33]} 64. Kc4 {[%emt 0:02:11]} Qf1+ {[%emt 0:00:09]} 65. Kb4 {[%emt 0:00:03]} Qb1+ {[%emt 0:00:15]} 66. Kc5 {[%emt 0:00:13]} Qa1 {[%emt 0:00:45]} 67. c4 {[%emt 0:00:56]} f3 {[%emt 0:01:38]} 68. Nxf3 {[%emt 0:00:18]} Qa3+ {[%emt 0:00:01]} 69. Kb6 {[%emt 0:00:11]} Qxf3 {[%emt 0:00:03]} 70. a6 {[%emt 0:00:13]} Qa8 {[%emt 0:01:46]} 71. a7 {[%emt 0:00:15]} Qd8+ {[%emt 0:01:08]} 72. Kb7 {[%emt 0:00:31]} Qd7+ {[%emt 0:00:00]} 73. Ka6 {[%emt 0:01:18]} Qc8+ {[%emt 0:00:04]} 74. Ka5 {[%emt 0:00:03]} Qxc4 {[%emt 0:02:03]} 75. Kb6 {[%emt 0:01:28]} Qe6+ {[%emt 0:00:33]} 76. Kb7 {[%emt 0:00:39]} Qd7+ {[%emt 0:00:12]} 77. Kb6 {[%emt 0:00:03]} Qd6+ {[%emt 0:00:24]} 78. Kb7 {[%emt 0:00:04]} Qd7+ {[%emt 0:00:07]} 79. Kb6 {[%emt 0:00:03] Ke5} 1/2-1/2

[Event "12th Arad Open 2019"]
[Site "Arad"]
[Date "2019.07.29"]
[Round "7.8"]
[White "Dicu, Razvan-Stefan"]
[Black "Song, Raymond"]
[Result "0-1"]
[WhiteElo "2286"]
[BlackElo "2456"]
[Annotator "ChessBase"]
[PlyCount "106"]
[EventDate "2019.07.24"]
[EventType "swiss"]
[EventCountry "ROU"]
[SourceTitle "playchess.com"]
[Source "ChessBase"]
[SourceQuality "1"]
[TimeControl "40/5400+30:900+30"]

1. e4 {[%emt 0:01:08]} c5 {[%emt 0:00:00]} 2. c3 {[%emt 0:01:48]} Nf6 {[%emt 0:00:00]} 3. e5 {[%emt 0:00:07]} Nd5 {[%emt 0:00:00]} 4. d4 {[%emt 0:00:07]} cxd4 {[%emt 0:00:00]} 5. cxd4 {[%emt 0:00:08]} d6 {[%emt 0:00:00]} 6. Nf3 {[%emt 0:00:14]} e6 {[%emt 0:00:16]} 7. Bc4 {[%emt 0:00:32]} Be7 {[%emt 0:00:21]} 8. O-O {[%emt 0:00:11]} O-O {[%emt 0:00:05]} 9. Qe2 {[%emt 0:01:05]} b6 {[%emt 0:00:05]} 10. Qe4 {[%emt 0:20:43]} Ba6 {[%emt 0:00:04]} 11. Bxd5 {[%emt 0:25:08]} exd5 {[%emt 0:00:16]} 12. Qxd5 {[%emt 0:00:08]} Nc6 {[%emt 0:00:03]} 13. Rd1 {[%emt 0:08:11]} Nb4 {[%emt 0:00:07]} 14. Qb3 {[%emt 0:00:15]} dxe5 {[%emt 0:01:39]} 15. a3 {[%emt 0:09:43]} Nd3 {[%emt 0:03:40]} 16. Rxd3 {[%emt 0:02:19]} e4 {[%emt 0:00:40]} 17. Rd1 {[%emt 0:00:22]} exf3 {[%emt 0:07:54]} 18. Qxf3 {[%emt 0:00:07]} Qd7 {[%emt 0:01:51]} 19. Nc3 {[%emt 0:00:18]} Rad8 {[%emt 0:00:25]} 20. Bf4 {[%emt 0:04:28]} Rfe8 {[%emt 0:00:24]} 21. Re1 {[%emt 0:05:48]} Qxd4 {[%emt 0:03:17]} 22. Rad1 {[%emt 0:00:45]} Bf8 {[%emt 0:02:31]} 23. Rxe8 {[%emt 0:02:44]} Rxe8 {[%emt 0:00:03]} 24. h3 {[%emt 0:00:22]} Qc4 {[%emt 0:00:28]} 25. Rd7 {[%emt 0:09:37]} Bc5 {[%emt 0:02:03]} 26. Ne4 {[%emt 0:01:45]} Bb5 {[%emt 0:19:54]} 27. Nxc5 {[%emt 0:00:05]} Bxd7 {[%emt 0:00:05]} 28. Nxd7 {[%emt 0:00:07]} f6 {[%emt 0:00:16]} 29. Kh2 {[%emt 0:03:08]} Qe6 {[%emt 0:07:20]} 30. Nb8 {[%emt 0:00:21]} g5 {[%emt 0:01:56]} 31. Qg3 {[%emt 0:01:48]} h5 {[%emt 0:02:18]} 32. Na6 {[%emt 0:01:24]} h4 {[%emt 0:09:59]} 33. Qd3 {[%emt 0:00:08]} Re7 {[%emt 0:02:01]} 34. Nc7 {[%emt 0:00:34]} Qf7 {[%emt 0:00:17]} 35. Qd8+ {[%emt 0:00:33]} Kg7 {[%emt 0:01:24]} 36. Bd6 {[%emt 0:00:21]} Rd7 {[%emt 0:00:46]} 37. Qc8 {[%emt 0:00:17]} Kg6 {[%emt 0:02:10]} 38. Nb5 {[%emt 0:00:59]} f5 {[%emt 0:10:27]} 39. f4 {[%emt 0:00:46]} g4 {[%emt 0:00:26]} 40. hxg4 {[%emt 0:00:00]} fxg4 {[%emt 0:00:00]} 41. Qc2+ {[%emt 0:04:09]} Qf5 {[%emt 0:01:01]} 42. Qxf5+ {[%emt 0:02:04]} Kxf5 {[%emt 0:00:01]} 43. Be5 {[%emt 0:04:13]} Rd2 {[%emt 0:02:01]} 44. Nd6+ {[%emt 0:00:05]} Ke6 {[%emt 0:00:10]} 45. f5+ {[%emt 0:00:05]} Kd5 {[%emt 0:02:54]} 46. f6 {[%emt 0:02:39]} Rf2 {[%emt 0:02:51]} 47. Kg1 {[%emt 0:02:27]} g3 {[%emt 0:00:08]} 48. Nf7 {[%emt 0:00:03]} Ke6 {[%emt 0:02:42]} 49. Bd4 {[%emt 0:00:28]} Rd2 {[%emt 0:01:23]} 50. Ng5+ {[%emt 0:00:04]} Kd7 {[%emt 0:00:49]} 51. Kf1 {[%emt 0:00:20]} Rxd4 {[%emt 0:00:07]} 52. f7 {[%emt 0:00:18]} Rf4+ {[%emt 0:00:05]} 53. Ke2 {[%emt 0:00:06]} Rf2+ {[%emt 0:00:04]} 0-1

[Event "12th Arad Open 2019"]
[Site "Arad"]
[Date "2019.07.29"]
[Round "7.9"]
[White "Macovei, Andrei"]
[Black "Gilea, Lucian"]
[Result "1/2-1/2"]
[WhiteElo "2424"]
[BlackElo "2287"]
[Annotator "NA"]
[PlyCount "77"]
[EventDate "2019.07.24"]
[EventType "swiss"]
[EventCountry "ROU"]
[SourceTitle "playchess.com"]
[Source "ChessBase"]
[SourceQuality "1"]
[TimeControl "40/5400+30:900+30"]

1. e4 {[%emt 0:00:00]} e6 {[%emt 0:00:00]} 2. d4 {[%emt 0:00:52]} d5 {[%emt 0:00:00]} 3. Nc3 {[%emt 0:00:04]} Nf6 {[%emt 0:00:00]} 4. e5 {[%emt 0:01:24]} Nfd7 {[%emt 0:00:00]} 5. f4 {[%emt 0:00:04]} c5 {[%emt 0:00:00]} 6. Nf3 {[%emt 0:00:02]} Nc6 {[%emt 0:00:01]} 7. Be3 {[%emt 0:00:02]} a6 {[%emt 0:00:14]} 8. Qd2 {[%emt 0:03:58]} b5 {[%emt 0:00:13]} 9. a3 {[%emt 0:01:08]} Qc7 {[%emt 0:01:29]} 10. Be2 {[%emt 0:08:28]} Bb7 {[%emt 0:04:06]} 11. O-O {[%emt 0:02:26]} Be7 {[%emt 0:02:10]} 12. dxc5 {[%emt 0:23:30]} Bxc5 {[%emt 0:00:51]} 13. Bxc5 {[%emt 0:04:52]} Nxc5 {[%emt 0:00:03]} 14. Qe3 {[%emt 0:00:23]} Nd7 {[%emt 0:04:17]} 15. Bd3 {[%emt 0:01:17]} Qb6 {[%emt 0:08:11]} 16. Qxb6 {[%emt 0:01:57]} Nxb6 {[%emt 0:00:02]} 17. b3 {[%emt 0:00:29]} O-O {[%emt 0:04:20]} 18. Ne2 {[%emt 0:00:18]} f6 {[%emt 0:02:52]} 19. Ned4 {[%emt 0:00:24]} Nxd4 {[%emt 0:08:18]} 20. Nxd4 {[%emt 0:00:02]} fxe5 {[%emt 0:00:09]} 21. fxe5 {[%emt 0:08:34]} Rxf1+ {[%emt 0:03:10]} 22. Rxf1 {[%emt 0:00:38]} Nd7 {[%emt 0:00:13]} 23. Bxh7+ {[%emt 0:07:00]} Kxh7 {[%emt 0:00:20]} 24. Rf7 {[%emt 0:00:02]} Bc8 {[%emt 0:01:00]} 25. Nxe6 {[%emt 0:01:11]} Nxe5 {[%emt 0:01:03]} 26. Rxg7+ {[%emt 0:00:01]} Kh6 {[%emt 0:04:18]} 27. Re7 {[%emt 0:01:01]} Ng6 {[%emt 0:02:12]} 28. Re8 {[%emt 0:00:05]} Bb7 {[%emt 0:00:06]} 29. Rxa8 {[%emt 0:00:18]} Bxa8 {[%emt 0:00:01]} 30. Kf2 {[%emt 0:00:18]} Bb7 {[%emt 0:14:46]} 31. Ke3 {[%emt 0:00:28]} Bc8 {[%emt 0:00:59]} 32. Nc7 {[%emt 0:00:26]} Nh4 {[%emt 0:00:59]} 33. Nxd5 {[%emt 0:00:25]} Nxg2+ {[%emt 0:00:27]} 34. Kd4 {[%emt 0:00:02]} Ne1 {[%emt 0:00:39]} 35. c4 {[%emt 0:03:00]} Nc2+ {[%emt 0:04:27]} 36. Kc3 {[%emt 0:00:16]} Nxa3 {[%emt 0:00:18]} 37. Kb2 {[%emt 0:00:04]} Nxc4+ {[%emt 0:00:36]} 38. bxc4 {[%emt 0:00:02]} bxc4 {[%emt 0:01:08]} 39. Ne3 {[%emt 0:00:06]} 1/2-1/2

[Event "12th Arad Open 2019"]
[Site "Arad"]
[Date "2019.07.29"]
[Round "7.10"]
[White "Zawadzka, Jolanta"]
[Black "Lyell, Mark"]
[Result "1/2-1/2"]
[WhiteElo "2422"]
[BlackElo "2216"]
[Annotator "NA"]
[PlyCount "143"]
[EventDate "2019.07.24"]
[EventType "swiss"]
[EventCountry "ROU"]
[SourceTitle "playchess.com"]
[Source "ChessBase"]
[SourceQuality "1"]
[TimeControl "40/5400+30:900+30"]

1. e4 {[%emt 0:00:00]} c6 {[%emt 0:00:00]} 2. d4 {[%emt 0:00:00]} d5 {[%emt 0:00:00]} 3. e5 {[%emt 0:00:00]} c5 {[%emt 0:00:00]} 4. dxc5 {[%emt 0:00:07]} Nc6 {[%emt 0:00:02]} 5. f4 {[%emt 0:00:26]} Nh6 {[%emt 0:00:18]} 6. c3 {[%emt 0:01:19]} e6 {[%emt 0:01:56]} 7. Be3 {[%emt 0:03:31]} g5 {[%emt 0:03:58]} 8. fxg5 {[%emt 0:20:07]} Nf5 {[%emt 0:00:11]} 9. Bf4 {[%emt 0:00:09]} Bxc5 {[%emt 0:01:13]} 10. Nf3 {[%emt 0:04:17]} Qb6 {[%emt 0:08:17]} 11. Qb3 {[%emt 0:17:31]} Bf2+ {[%emt 0:07:11]} 12. Kd1 {[%emt 0:00:53]} Qc7 {[%emt 0:03:22]} 13. Bd3 {[%emt 0:02:38]} Ne3+ {[%emt 0:08:45]} 14. Bxe3 {[%emt 0:01:40]} Bxe3 {[%emt 0:00:05]} 15. Re1 {[%emt 0:00:21]} Bc5 {[%emt 0:09:06]} 16. Nbd2 {[%emt 0:06:38]} Bd7 {[%emt 0:01:59]} 17. Qc2 {[%emt 0:01:01]} h6 {[%emt 0:05:11]} 18. g6 {[%emt 0:02:02]} O-O-O {[%emt 0:08:33]} 19. Nb3 {[%emt 0:04:24]} Bb6 {[%emt 0:10:54]} 20. gxf7 {[%emt 0:00:25]} Rdf8 {[%emt 0:05:16]} 21. Nbd4 {[%emt 0:04:18]} Nxd4 {[%emt 0:02:43]} 22. cxd4 {[%emt 0:00:41]} Qxc2+ {[%emt 0:01:09]} 23. Kxc2 {[%emt 0:00:47]} Rxf7 {[%emt 0:00:03]} 24. Re2 {[%emt 0:02:28]} Rf4 {[%emt 0:01:31]} 25. Kc3 {[%emt 0:01:26]} Be8 {[%emt 0:02:59]} 26. Rd2 {[%emt 0:02:30]} Bh5 {[%emt 0:01:05]} 27. Be2 {[%emt 0:01:13]} Rh7 {[%emt 0:01:10]} 28. Rf1 {[%emt 0:04:25]} Kd8 {[%emt 0:05:23]} 29. h3 {[%emt 0:06:42]} Rc7+ {[%emt 0:00:42]} 30. Kb3 {[%emt 0:00:05]} Bxf3 {[%emt 0:02:03]} 31. Rxf3 {[%emt 0:00:06]} Rxd4 {[%emt 0:00:09]} 32. Rxd4 {[%emt 0:00:30]} Bxd4 33. Rf6 {[%emt 0:00:38]} Ke7 {[%emt 0:00:41]} 34. Rxh6 {[%emt 0:02:40]} Bxe5 {[%emt 0:00:13]} 35. a4 {[%emt 0:04:39]} Bf4 {[%emt 0:03:42]} 36. Rg6 {[%emt 0:00:44]} e5 {[%emt 0:01:30]} 37. g3 {[%emt 0:00:14]} Be3 {[%emt 0:02:33]} 38. h4 {[%emt 0:00:57]} e4 {[%emt 0:00:47]} 39. h5 {[%emt 0:00:25]} Rc6 {[%emt 0:01:17]} 40. Rg8 {[%emt 0:00:00]} Rb6+ {[%emt 0:00:00]} 41. Ka2 {[%emt 0:05:05]} d4 {[%emt 0:09:15]} 42. Bc4 {[%emt 0:04:30]} Bf2 {[%emt 0:09:27]} 43. Rg4 {[%emt 0:06:49]} e3 {[%emt 0:00:34]} 44. Rxd4 {[%emt 0:00:09]} Kf6 {[%emt 0:00:29]} 45. h6 {[%emt 0:01:53]} Kg6 {[%emt 0:00:30]} 46. Rh4 {[%emt 0:00:40]} Kh7 {[%emt 0:00:56]} 47. Bd3+ {[%emt 0:00:06]} Kh8 {[%emt 0:00:08]} 48. Kb1 {[%emt 0:03:14]} Bxg3 {[%emt 0:00:16]} 49. Rg4 {[%emt 0:00:22]} Rd6 {[%emt 0:00:55]} 50. Kc2 {[%emt 0:00:29]} Be5 {[%emt 0:00:17]} 51. h7 {[%emt 0:00:13]} Rd8 {[%emt 0:00:38]} 52. Re4 {[%emt 0:00:33]} Bxb2 {[%emt 0:00:21]} 53. Rxe3 {[%emt 0:00:12]} Bd4 {[%emt 0:00:26]} 54. Re7 {[%emt 0:00:07]} b6 {[%emt 0:00:44]} 55. Kd2 {[%emt 0:01:56]} Bc5 {[%emt 0:00:44]} 56. Rb7 {[%emt 0:00:36]} a5 {[%emt 0:00:43]} 57. Ke2 {[%emt 0:00:30]} Rf8 {[%emt 0:00:04]} 58. Be4 {[%emt 0:00:31]} Rf6 {[%emt 0:00:43]} 59. Kd3 {[%emt 0:00:31]} Rd6+ {[%emt 0:00:21]} 60. Kc3 {[%emt 0:00:29]} Rd8 {[%emt 0:00:49]} 61. Bg6 {[%emt 0:01:11]} Bg1 {[%emt 0:00:30]} 62. Kc4 {[%emt 0:00:54]} Bd4 {[%emt 0:00:33]} 63. Kb5 {[%emt 0:00:37]} Be5 {[%emt 0:00:31]} 64. Rxb6 {[%emt 0:00:50]} Rb8 {[%emt 0:00:01]} 65. Rxb8+ {[%emt 0:00:12]} Bxb8 {[%emt 0:00:19]} 66. Kxa5 {[%emt 0:00:04]} Ba7 {[%emt 0:00:22]} 67. Ka6 {[%emt 0:00:20]} Bg1 {[%emt 0:00:11]} 68. a5 {[%emt 0:00:04]} Bf2 {[%emt 0:00:22]} 69. Kb7 {[%emt 0:00:04]} Bg1 {[%emt 0:00:13]} 70. a6 {[%emt 0:00:24]} Bf2 {[%emt 0:00:14]} 71. a7 {[%emt 0:00:06]} Bxa7 {[%emt 0:00:05]} 72. Kxa7 {[%emt 0:00:12]} 1/2-1/2

[Event "12th Arad Open 2019"]
[Site "Arad"]
[Date "2019.07.29"]
[Round "7.11"]
[White "Secheres, Adrian-Simion"]
[Black "Barrish, Daniel"]
[Result "1/2-1/2"]
[WhiteElo "2394"]
[BlackElo "2237"]
[Annotator "NA"]
[PlyCount "55"]
[EventDate "2019.07.24"]
[EventType "swiss"]
[EventCountry "ROU"]
[SourceTitle "playchess.com"]
[Source "ChessBase"]
[SourceQuality "1"]
[TimeControl "40/5400+30:900+30"]

1. e4 e5 2. Nf3 Nc6 3. Bc4 Bc5 4. c3 Nf6 5. d3 O-O 6. O-O d5 7. exd5 Nxd5 8. Re1 Bg4 9. h3 Bh5 10. Nbd2 Nb6 11. b4 Be7 12. Bb3 Qxd3 13. Nxe5 Bxd1 14. Nxd3 Bxb3 15. axb3 a6 16. Ne4 Nd5 17. Nf4 Rad8 18. Rd1 Nf6 19. Nxf6+ Bxf6 20. Nd5 Be5 21. Be3 Rfe8 22. Rac1 Bd6 23. Bc5 Bxc5 24. bxc5 Rc8 25. b4 Ne7 26. Ne3 Rcd8 27. Kf1 Kf8 28. g3 1/2-1/2

[Event "12th Arad Open 2019"]
[Site "Arad"]
[Date "2019.07.29"]
[Round "7.12"]
[White "Peptan, Corina-Isabela"]
[Black "Daianu, Cristian-Clement"]
[Result "1/2-1/2"]
[WhiteElo "2375"]
[BlackElo "2199"]
[Annotator "TA"]
[PlyCount "58"]
[EventDate "2019.07.24"]
[EventType "swiss"]
[EventCountry "ROU"]
[SourceTitle "playchess.com"]
[Source "ChessBase"]
[SourceQuality "1"]

{[%evp 9,58,-4,-1,-5,20,18,33,11,17,0,15,-48,30,28,44,52,55,55,84,66,79,84,115,68,50,41,63,-6,0,0,85,72,139,130,118,-110,-96,-88,-94,-109,-74,-74,-74,-75,-74,-95,-95,-102,-88,-103,-94]} 1. c4 f5 2. d4 Nf6 3. Nc3 e6 4. Nf3 Be7 5. d5 (5. Bf4 O-O 6. e3 d6 7. h3 Qe8 8. Bd3 Nc6 9. Bh2 Qg6 10. Rg1 Ne4 11. Qb3 Bd7 12. d5 Nc5 13. Qd1 Nxd3+ 14. Qxd3 {0-1 (53) Drygalov,S (2446)-Amin,B (2710) St Petersburg 2018}) 5... O-O 6. e3 {A85: Dutch Defence: 2 c4 Nf6 3 Nc3} d6 7. dxe6 Nc6 $146 ({Predecessor:} 7... Bxe6 8. Bd3 Nc6 9. Ng5 Bd7 10. O-O h6 11. Nh3 Ne5 {1-0 (38) Miranda Neto,J (2077)-Lima,L (1980) Recife 2011}) 8. Nd5 {White is slightly better.} Bxe6 9. Ng5 Bd7 10. Be2 ({White should play} 10. Nf4 $11) 10... Ne5 (10... Nxd5 $1 $15 11. Qxd5+ Kh8 12. Nf7+ Rxf7 13. Qxf7 Ne5) 11. Nf4 $11 {next Nge6 is good for White.} Qc8 12. b3 Kh8 13. Bb2 Nfg4 14. h4 Bf6 15. Qd2 a5 16. Nh5 Qe8 17. Nxf6 Nxf6 18. a4 (18. c5 $1 $14) 18... Bc6 $36 {[%mdl 2048] Black is more active.} 19. f3 $1 Nfd7 (19... Nh5 $11) 20. f4 $1 $16 {[%cal Rf4e5]} Ng4 (20... Nf7 $142) 21. Bxg4 $1 fxg4 {[#]} 22. Qd3 $2 {[#]} (22. h5 $1 $16 {[%cal Rh5h6] and life is bright.} h6 23. Qd3) 22... Qh5 $1 $17 {Black is better.} 23. Ne6 Rf7 24. O-O-O Nc5 25. Nxc5 Qxc5 26. Rd2 Re8 27. Re2 Be4 28. Qc3 h5 29. Rd1 b6 {Accuracy: White = 55%, Black = 31%.} 1/2-1/2